The History of Betty Barnes.

Bibliographic Details
Other Authors: Fielding, Sarah, 1710-1768
Format: Book
Language:English
Published: New York : Garland Publishing, 1974.
Series:Flowering of the novel.

MARC

Tag First Indicator Second Indicator Subfields
LEADER 00000pam a2200000 4500
001 in00000042869
005 20151007064912.0
008 740802r19741753nyu 00001 eng
010 |a  74016028  
020 |a 0824011376 
035 |a (OCoLC)01008251 
035 |9 AAE0860AM 
040 |a DLC  |c DLC  |d TXA  |d UtOrBLW 
049 |a TXAM  |c [1383495] 
050 0 0 |a PZ3  |b .H62645 1974  |a PR3291.A1 
082 0 |a 823/.6 
245 0 4 |a The History of Betty Barnes. 
264 1 |a New York :  |b Garland Publishing,  |c 1974. 
300 |a 295, 299 pages ;  |c 18 cm. 
336 |a text  |b txt  |2 rdacontent 
337 |a unmediated  |b n  |2 rdamedia 
338 |a volume  |b nc  |2 rdacarrier 
490 1 |a The Flowering of the novel 
500 |a Possibly by Sarah Fielding. cf. S. Halkett. Dict. of anonymous and pseudonymous Eng. lit. 
500 |a Reprint of the 1753 edition printed for D. Wilson and T. Durham, London. 
700 1 |a Fielding, Sarah,  |d 1710-1768. 
830 0 |a Flowering of the novel. 
999 |a MARS 
999 f f |s f81266ee-f33d-3572-af88-a67ca1293893  |i a7178a50-963a-35e4-bd13-47ccabd10b4a  |t 0 
952 f f |p ric  |a Texas A&M University  |b Rellis Campus  |c Joint Library Facility  |d Remote Storage  |t 0  |e PZ3 .H62645 1974  |h Library of Congress classification  |i unmediated -- volume  |m A14804241689 
998 f f |a PZ3 .H62645 1974  |t 0  |l Remote Storage